Electrical engineer's reference book.(15th ed.) (Record no. 41464)

MARC details
000 -LEADER
fixed length control field 00648nam a2200193 a 4500
008 - FIXED-LENGTH DATA ELEMENTS--GENERAL INFORMATION
fixed length control field 120416s1993 ||||||||||||||||| || u
020 ## - INTERNATIONAL STANDARD BOOK NUMBER
International Standard Book Number 0750612029
050 ## - LIBRARY OF CONGRESS CALL NUMBER
Classification number TK 145 ELE
100 ## - MAIN ENTRY--PERSONAL NAME
Personal name Say, Maurice George
245 10 - TITLE STATEMENT
Title Electrical engineer's reference book.(15th ed.)
Statement of responsibility, etc. edited by G. R. Jones
250 ## - EDITION STATEMENT
Edition statement 15th ed.
260 ## - PUBLICATION, DISTRIBUTION, ETC.
Place of publication, distribution, etc. Oxford
Name of publisher, distributor, etc. Newnes
Date of publication, distribution, etc. 1993
300 ## - PHYSICAL DESCRIPTION
Extent Various pagings : ill.
350 ## - PRICE (NR) (BK AM CF MU VM SE) [OBSOLETE]
Price 0.00
650 ## - SUBJECT ADDED ENTRY--TOPICAL TERM
Topical term or geographic name entry element ELECTRIC ENGINEERING
700 ## - ADDED ENTRY--PERSONAL NAME
Personal name Laughton, M. A
700 ## - ADDED ENTRY--PERSONAL NAME
Personal name Jones, Gordon Rees
995 ## - RECOMMENDATION 995 [LOCAL, UNIMARC FRANCE]
-- 0.00
-- CBU-MAIN LIBRARY (Kitwe)
-- 1
-- 65.00
-- 1
-- REFERENCE
-- Reference Collection
Holdings
Withdrawn status Lost status Source of classification or shelving scheme Damaged status Not for loan Home library Current library Shelving location Date acquired Total Checkouts Full call number Barcode Date last seen Price effective from Koha item type
          CBU-MAIN LIBRARY, KITWE. CBU-MAIN LIBRARY, KITWE.   11/30/2022   TK 145 ELE 021078 11/30/2022 11/30/2022 MONOGRAPH